[Event "ARG-ch sf U2300"]
[Site "General Pico"]
[Date "2018.05.12"]
[Round "3.4"]
[White "Badde, Pablo"]
[Black "Besso, Javier Alejandro"]
[Result "1/2-1/2"]
[WhiteElo "1722"]
[BlackElo "1873"]
[PlyCount "116"]
[EventDate "2018.05.12"]
[EventType "swiss"]
[EventRounds "6"]
[EventCountry "ARG"]
[SourceTitle "EXT 2024"]
[Source "ChessBase"]
[SourceDate "2023.10.10"]
[SourceVersion "1"]
[SourceVersionDate "2023.10.10"]
[SourceQuality "1"]

1. d4 Nf6 2. Bf4 d5 3. c3 c5 4. e3 Nc6 5. Nf3 Qb6 6. Qb3 c4 7. Qc2 Bg4 8. Qc1 e6 9. h3 h6 10. Nbd2 Be7 11. Be2 0-0 12. 0-0 Qd8 13. b3 b5 14. a4 a6 15. axb5 axb5 16. Qb2 Bf5 17. Qc1 Qd7 18. Qb2 Rfe8 19. Ne5 Nxe5 20. Bxe5 Ne4 21. Nxe4 Bxe4 22. bxc4 bxc4 23. Qb6 Bc2 24. Bf3 Rec8 25. Rfc1 f5 26. g4 Ba3 27. gxf5 Bxf5 28. Kh2 Qf7 29. Rg1 Bf8 30. Bf4 Kh7 31. Bg4 Bxg4 32. hxg4 Qg6 33. Ra6 Rxa6 34. Qxa6 Re8 35. Qc6 Re7 36. Rg2 Rf7 37. Qe8 Ba3 38. f3 Be7 39. Kg3 Bg5 40. Re2 Qf6 41. Qb8 Bh4+ 42. Kh3 g5 43. Qe5 Qg6 44. Rb2 gxf4 45. Kxh4 fxe3 46. Qxe3 Qf6+ 47. Kg3 Qg5 48. Re2 Rf6 49. f4 Qg6 50. Rh2 Qb1 51. g5 Rg6 52. Rxh6+ Rxh6 53. gxh6 Qg6+ 54. Kh2 Qh5+ 55. Kg2 Qg4+ 56. Qg3 Qe2+ 57. Kh3 Qd3 58. Kh4 Qg6 1/2-1/2

[Event "ARG-ch sf U2300"]
[Site "General Pico"]
[Date "2018.05.12"]
[Round "2.7"]
[White "Badde, Pablo"]
[Black "Fernandez, Javier Horacio"]
[Result "1-0"]
[WhiteElo "1722"]
[BlackElo "1741"]
[PlyCount "139"]
[EventDate "2018.05.12"]
[EventType "swiss"]
[EventRounds "6"]
[EventCountry "ARG"]
[SourceTitle "EXT 2024"]
[Source "ChessBase"]
[SourceDate "2023.10.10"]
[SourceVersion "1"]
[SourceVersionDate "2023.10.10"]
[SourceQuality "1"]

1. d4 f5 2. e4 fxe4 3. Nc3 Nf6 4. Bg5 e6 5. Nxe4 Be7 6. Bxf6 Bxf6 7. Nf3 0-0 8. Bd3 Nc6 9. c3 d5 10. Nxf6+ Qxf6 11. Qe2 Bd7 12. 0-0 Rae8 13. Rae1 Re7 14. b4 Be8 15. b5 Nd8 16. Ne5 g6 17. f4 g5 18. Qg4 Rg7 19. fxg5 Qxg5 20. Rxf8+ Kxf8 21. Qxg5 Rxg5 22. a4 Rg7 23. h4 Bh5 24. Kh2 Kg8 25. Be2 Bxe2 26. Rxe2 Nf7 27. Nd7 Nd6 28. Nc5 Rg4 29. Rxe6 Rxh4+ 30. Kg1 Kf7 31. Re5 c6 32. bxc6 bxc6 33. Rg5 Kf6 34. Rg7 a5 35. Rxh7 Rg4 36. Rh5 Re4 37. Kf2 Re8 38. g4 Rd8 39. Kf3 Kg6 40. Kg3 Nc8 41. Kf3 Nd6 42. Re5 Nc4 43. Re6+ Kg5 44. Re2 Rd6 45. Kg3 Kf6 46. Kf4 Kg7 47. g5 Rg6 48. Nd7 Rd6 49. Kf5 Kf7 50. Ne5+ Nxe5 51. Rxe5 Rd7 52. Kf4 Rb7 53. Kf5 Rb3 54. Kf4 Rxc3 55. Rxd5 Rc4 56. Rxa5 Rxd4+ 57. Kf5 Rd6 58. Ra7+ Kg8 59. a5 c5 60. a6 Rc6 61. Ra8+ Kf7 62. a7 Ra6 63. Ke5 Ra5 64. Kd5 c4+ 65. Kxc4 Ra4+ 66. Kb5 Ra3 67. Kc6 Ra6+ 68. Kc5 Ra5+ 69. Kb6 Rxg5 70. Rb8 1-0

[Event "ARG-ch sf U1700 Complejo Betania"]
[Site "San Luis"]
[Date "2018.02.02"]
[Round "1.4"]
[White "Badde, Pablo"]
[Black "Najurieta Cano, Tiziano"]
[Result "1-0"]
[WhiteElo "1678"]
[BlackElo "1365"]
[PlyCount "47"]
[EventDate "2018.02.02"]
[EventType "swiss"]
[EventRounds "6"]
[EventCountry "ARG"]
[SourceTitle "EXT 2024"]
[Source "ChessBase"]
[SourceDate "2023.10.10"]
[SourceVersion "1"]
[SourceVersionDate "2023.10.10"]
[SourceQuality "1"]

1. d4 Nf6 2. Bf4 d5 3. e3 c5 4. c3 Nc6 5. Nf3 g6 6. h3 Bg7 7. Nbd2 0-0 8. Bd3 cxd4 9. exd4 a6 10. a4 Bd7 11. 0-0 Na5 12. Qe2 e6 13. Rfe1 Qb6 14. b4 Nc6 15. Nb3 Rac8 16. a5 Qd8 17. Nc5 Be8 18. Nxb7 Qe7 19. Nc5 Nd7 20. Bxa6 Ra8 21. Bb7 Ra7 22. Bxc6 Nxc5 23. Bxe8 Rxe8 24. bxc5 1-0